| 000 | 00503nam a2200169Ia 4500 | ||
|---|---|---|---|
| 003 | OSt | ||
| 005 | 20210920135058.0 | ||
| 008 | 190216s9999||||xx |||||||||||||| ||und|| | ||
| 040 | _coclc | ||
| 082 |
_a297 _bALM/F |
||
| 100 |
_aAl Mahmud, Abdullah Ibnu Zaid _98697 |
||
| 245 | 0 |
_a Fazlul Kithab Fee Ibahathi Dhabaihi Ahli Al Kitabi / _cAbdullah Ibnu Zaid Al Mahmud |
|
| 260 | _bHilal Publications, | ||
| 300 | _a46p | ||
| 650 | _aArabic | ||
| 942 |
_cBK _2ddc _h297 _iALM/F _k297 _mALM/F |
||
| 999 |
_c368 _d368 |
||